000 00787nam a2200229Ia 4500
008 191130s2003##################000#0#eng##
020 _a9780262621922
022 _a2002035064
040 _aACL
_cACL
082 _aHM851 .D54 2003 302.23/4
245 _aDigital media revisited : theoretical and conceptual innovation in digital domains
_cedited by Gunnar Liestøl, Andrew Morrison, and Terje Rasmussen
260 _aCambridge, MA
_bMIT Press
_cc2003
300 _axv, 554 p. : ill. ; 24cm
500 _aIncludes bibliographical references and index
650 _aDigital media - Social aspects
700 _aLiestøl, Gunnar
700 _aMorrison, Andrew
700 _aRasmussen, Terje
990 _a11d22a2fac10000c17675fc16317da10
991 _a394868
999 _c256048
_d256048